Statistiken für Deutschland: Geografie mit L

Klicken Sie hier um das Quiz zu spielen!

Allgemein

  • Dieses Quiz wurde 280 mal gespielt
  • Das Durchschnittsergebnis liegt bei 10 aus 16

Antwortstatistiken

HinweisAntwort% Korrekt
Größte Stadt Sachsens mit dem KFZ-Kennzeichen "L"Leipzig
100%
Nebenfluss des Rheins, der durch die hessischen Städte Marburg und Gießen fließtLahn
90%
In dieser Hansestadt wurden Thomas Mann und Willy Brandt geborenLübeck
84%
Stadt in NRW, die nach einem Apotheker benannt wurde und für einen nach dem größten örtlichen Pharmakonzern benannten Fußballclub bekannt istLeverkusen
81%
Nach einem gleichnamigen Fluss benannte Region in Nordrhein-Westfalen, die häufig in Zusammensetzungen wie Schaumburg-____ oder Ostwestfalen-____ genannt wirdLippe
75%
Die niedersächsische Stadt war lange Zeit ein Zentrum für die Salzgewinnung und den Salzhandel und war namensgebend für Deutschlands größte HeidelandschaftLüneburg
74%
Namenszusatz der Städte Wittenberg und Eisleben{Luther}stadt
72%
Zweitgrößte Stadt in Rheinland-Pfalz, die für die chemische Industrie und als Heimat von Helmut Kohl bekannt istLudwigshafen
71%
Ostfriesische Insel zwischen Baltrum und SpiekeroogLangeoog
70%
Die Altstadt dieser einzigen bayerischen Stadt am Bodensee liegt auf einer InselLindau
66%
Auch diese hessische Stadt liegt an dem oben gesuchten Fluss; sie ist bekannt für ihren Dom, der einst auf dem 1000-DM-Schein abgebildet warLimburg
62%
In dieser Stadt, in der alle vier Jahre ein großes "Hochzeitsfest" stattfindet, befindet sich der Sitz des Regierungsbezirks NiederbayernLandshut
47%
Region im Osten Brandenburgs und Sachsens, in der die Sorben beheimatet sindLausitz
47%
47 Meter hohe Felssäule vor Helgoland, die irgendwann wahrscheinlich aufgrund der Erosion umfallen wird (2 Wörter)Lange Anna
39%
Auf Sylt gelegene nördlichste Gemeinde DeutschlandsList
37%
Kleinstes der drei Schlösser Ludwigs II. und das einzige, das noch zu seinen Lebzeiten vollendet wurdeLinderhof
19%

Verteilung der Resultate

Perzentil nach korrekt beantworteten Fragen

Anzahl Personen mit jedem Resultat

Ihre Resultats-Entwicklung

Sie haben dieses Quiz noch nicht gespielt